UBT Library

Clinical handbook of psychotropic drugs / (Record no. 41691)

000 -LEADER
fixed length control field 00857cam a22002414a 4500
001 - CONTROL NUMBER
control field 12197547
005 - DATE AND TIME OF LATEST TRANSACTION
control field 20180202082849.0
008 - FIXED-LENGTH DATA ELEMENTS--GENERAL INFORMATION
fixed length control field 001006s2000 wau bf 001 0 eng
010 ## - LIBRARY OF CONGRESS CONTROL NUMBER
LC control number 00709559
020 ## - INTERNATIONAL STANDARD BOOK NUMBER
International Standard Book Number 0889372330
040 ## - CATALOGING SOURCE
Original cataloging agency DLC
Transcribing agency DLC
Modifying agency DLC
041 ## - LANGUAGE CODE
Language code of text/sound track or separate title eng
042 ## - AUTHENTICATION CODE
Authentication code pcc
080 ## - UNIVERSAL DECIMAL CLASSIFICATION NUMBER
Universal Decimal Classification number 615.788 BUT
082 00 - DEWEY DECIMAL CLASSIFICATION NUMBER
Classification number 615.788 BUT
Edition number 21
100 ## - Rafti
Rafti 5
101 ## - Shkurtesa
Shkurtesa FAR
245 00 - TITLE STATEMENT
Title Clinical handbook of psychotropic drugs /
Statement of responsibility, etc Kalyna Z. Bezchlibnyk-Butler, principal editor ; J. Joel Jeffries, co-editor ; contributions from Barry A. Martin ... [et al.].
504 ## - BIBLIOGRAPHY, ETC. NOTE
Bibliography, etc Includes bibliographical references (p. 209-212) and index.
906 ## - LOCAL DATA ELEMENT F, LDF (RLIN)
a 7
b cbc
c origcop
d 2
e ncip
f 20
g y-gencatlg
942 ## - ADDED ENTRY ELEMENTS (KOHA)
Source of classification or shelving scheme
Item type Books
Holdings
Withdrawn status Lost status Source of classification or shelving scheme Damaged status Not for loan Collection code Permanent location Current location Shelving location Date acquired Total Checkouts Full call number Barcode Date last seen Price effective from Koha item type
          Koleksioni i përgjithshem UBT - Lipjan UBT - Lipjan Koleksioni i përgjithshem 02/02/2018   615.788 BUT 002-2998001 02/02/2018 02/02/2018 Books
UBT Library © 2015-2024. All rights reserved University Education for Business and Technology